00981nam a22002417a 4500999001700000003000900017008004100026040007100067082001700138100001600155245007100171260002400242300006800266440003800334505012300372650002200495650002000517650001600537700005200553942001600605945002100621952009700642 c18321d18321AR-CdUCM190513b ||||| |||| 00| 0 spa d aMUNICIPALIDAD PROVINCIAL DEL CUSCOcBIBLIOTECA MUNICIPAL DEL CUSCO a573.2 /bM84 aMoore, Ruth aHombre, tiempo y fósiles :bdimensión histórica de la vida / aBarcelona :bLabor. aXII, 465 páginas ;bfotografías, retratos, figuras,c22 cm. aColección Libros de Hoy.915208 aContenido: Origen del hombre -- El archivo humano enterrado -- Modificaciones en la teoría de la evolución humana. aEvolución97012 aOrígen915147 aHombre9838 aCrusafont Pairó, Miguel (traducción)938838 2ddccLIBROS aachld2019-05-13 002ddc4070aSCbSCcCARTd2019-05-13g60.00o573.2 / M84pSC0000001488r2019-05-13yLIBROS